000 00900nam a2200229 a 4500
001 61546
003 BD-RjUL
005 20211209080957.0
008 170119s19491943ii ||||| |||| 00| 0 ben d
020 _c: Irs 0.50
035 _a(BD-RjUL)61670
040 _aBD-RjUL
_bben
_cBD-RjUL
041 _aben
082 _223
_a338.40954
_bKUZ 1949
100 _aকুদরত-এ-খুদা, মুহম্মদ
_9183391
245 1 0 _aযুদ্ধোত্তর বাংলার কৃষি ও শিল্প /
_cমুহম্মদ কুদরত-এ-খুদা
260 _aকলিকাতা :
_bবিশ্বভারতী গ্রন্থালয়,
_c১৯৪৯ [১৩৫৬]
300 _a৬৪ পৃ. ;
_c১৭ সেমি.
650 _aশিল্প
_zবেঙ্গল
_9183392
650 _aIndustries
_zBengal
_9183393
942 _2ddc
_cBK
999 _c61546
_d61546